Ribsy / (Record no. 2488)
[ view plain ]
| 000 -LEADER | |
|---|---|
| fixed length control field | 00931cam a2200289 a 4500 |
| 005 - DATE AND TIME OF LATEST TRANSACTION | |
| control field | 20231212144701.0 |
| 020 ## - INTERNATIONAL STANDARD BOOK NUMBER | |
| International Standard Book Number | 0380709554 |
| 020 ## - INTERNATIONAL STANDARD BOOK NUMBER | |
| International Standard Book Number | 046594005991 |
| 040 ## - CATALOGING SOURCE | |
| Original cataloging agency | DLC |
| Transcribing agency | DLC |
| Modifying agency | DLC |
| Language of cataloging | eng |
| 050 00 - LIBRARY OF CONGRESS CALL NUMBER | |
| Classification number | PZ7.C5792 |
| Item number | Ri 2001 |
| 082 00 - DEWEY DECIMAL CLASSIFICATION NUMBER | |
| Classification number | 420 |
| Edition number | 21 |
| 100 1# - MAIN ENTRY--PERSONAL NAME | |
| Personal name | Cleary, Beverly |
| 245 10 - TITLE STATEMENT | |
| Title | Ribsy / |
| Statement of responsibility, etc. | Beverly Cleary ; illustrated by Louis Darling |
| 250 ## - EDITION STATEMENT | |
| Edition statement | First Harper Trophy edition, 2001 |
| 260 ## - PUBLICATION, DISTRIBUTION, ETC. | |
| Place of publication, distribution, etc. | New York : |
| Name of publisher, distributor, etc. | Harper Trophy, |
| Date of publication, distribution, etc. | 2001 |
| 300 ## - PHYSICAL DESCRIPTION | |
| Extent | 192 pages ; |
| Other physical details | illustrations ; |
| Dimensions | 19 cm |
| 490 0# - SERIES STATEMENT | |
| Series statement | An Avon Camelot book |
| 505 ## - FORMATTED CONTENTS NOTE | |
| Formatted contents note | T |
| 520 ## - SUMMARY, ETC. | |
| Summary, etc. | Separated from his owner, Henry Huggins, in a shopping center parking lot, an ordinary city dog begins a string of bewildering adventures. |
| 521 1# - TARGET AUDIENCE NOTE | |
| Target audience note | 820 |
| Source | Lexile |
| 521 1# - TARGET AUDIENCE NOTE | |
| Target audience note | T |
| Source | Raz-Plus |
| 650 #1 - SUBJECT ADDED ENTRY--TOPICAL TERM | |
| Topical term or geographic name entry element | Dogs |
| Form subdivision | Fiction. |
| 700 1# - ADDED ENTRY--PERSONAL NAME | |
| Personal name | Darling, Louis |
| Relator term | illustrator |
| 906 ## - LOCAL DATA ELEMENT F, LDF (RLIN) | |
| a | 7 |
| b | cbc |
| c | origcop |
| d | 2 |
| e | ncip |
| f | 20 |
| g | y-gencatlg |
| 942 ## - ADDED ENTRY ELEMENTS (KOHA) | |
| Source of classification or shelving scheme | Dewey Decimal Classification |
| Koha item type | Books |
| Suppress in OPAC | No |
| 999 ## - | |
| -- | 2488 |
| -- | 2488 |
| Withdrawn status | Lost status | Source of classification or shelving scheme | Damaged status | Not for loan | Collection | Home library | Current library | Shelving location | Date acquired | Total Checkouts | Full call number | Barcode | Date last seen | Price effective from | Koha item type |
|---|---|---|---|---|---|---|---|---|---|---|---|---|---|---|---|
| Dewey Decimal Classification | Juvenile Fiction | Footprints International School Library Network Toul Kork Campus | Footprints International School Library Network Toul Kork Campus | TTP Secondary Fiction Bookshelves | 12/12/2023 | CLE 420 PZ7.C5792 | FISO5322 | 12/12/2023 | 12/12/2023 | Books |
